000 00297nam a22001337a 4500
008 171024b xxu||||| |||| 00| 0 eng d
020 _a9781429295673
041 _aeng
080 _26 ED
_a311
100 _a55
101 _aSTA
245 _aTHE BASIC STATISTICS
_cMOORE.N
942 _2udc
_cBK
999 _c35741
_d35741